Medicare subvention : challenges and opportunities facing a possible VA demonstration : statement of William J. Scanlon, Director, Health Financing and Public Health Issues, and Stephen P. Backhus, Director, Veterans' Affairs and Military Health Care Issues, Health, Education, and Human Services Division, before the Subcommittee on Health, Committee on Ways and Means, House of Representatives.

Bibliographic Details
Main Author: Scanlon, William
Corporate Author: United States. General Accounting Office
Other Authors: Backhus, Stephen P.
Format: Government Document Microform Book
Language:English
Published: Washington, D.C. (441 G St., NW, Rm. LM, Washington, 20548) : U.S. General Accounting Office, [1999]
Series:Testimony ; GAO/T-HEHS/GGD-99-159.
Subjects:
Online Access:Abstract:
Text version:
PDF version:

MARC

Tag First Indicator Second Indicator Subfields
LEADER 00000cam a2200000Ia 4500
001 in00000006032
007 he bmb024bbca
008 990823s1999 dcu bb f000 0 eng d
005 20230331144347.9
035 |a (OCoLC)ocm42209186 
035 |9 AJK0113AM 
035 |a in00000006032 
037 |a 162386  |b GAO (202) 512-6000 (voice); (301) 258-6061 (Fax); (202) 512-2537 (TDD)  |f paper copy 
040 |a GPO  |c GPO  |d MvI  |d UtOrBLW 
043 |a n-us--- 
049 |a UMIC  |a WWW 
074 |a 0546-D-01 (MF) 
074 |a 0546-D-01 (online) 
086 0 |a GA 1.5/2:T-HEHS/GGD-99-159 
100 1 |a Scanlon, William. 
245 1 0 |a Medicare subvention :  |b challenges and opportunities facing a possible VA demonstration : statement of William J. Scanlon, Director, Health Financing and Public Health Issues, and Stephen P. Backhus, Director, Veterans' Affairs and Military Health Care Issues, Health, Education, and Human Services Division, before the Subcommittee on Health, Committee on Ways and Means, House of Representatives. 
246 3 0 |a Challenges and opportunities facing a possible VA demonstration 
264 1 |a Washington, D.C. (441 G St., NW, Rm. LM, Washington, 20548) :  |b U.S. General Accounting Office,  |c [1999] 
300 |a 21 pages, 2 unnumbered pages ;  |c 28 cm. 
336 |a text  |b txt  |2 rdacontent 
337 |a microform  |b h  |2 rdamedia 
338 |a microfiche  |b he  |2 rdacarrier 
490 1 |a Testimony ;  |v GAO/T-HEHS/GGD-99-159 
500 |a Shipping list number: 99-0814-M. 
500 |a "July 1, 1999." 
504 |a Includes bibliographical references. 
533 |a Microfiche.  |b [Washington, D.C.] :  |c Supt. of Docs., U.S. G.P.O.,  |d [1999]  |e 1 microfiche : negative. 
530 |a Also available via Internet from the GPO Access web site. Address as of 2/22/06: http://www.gao.gov/docdblite/summary.php?rptno=T-HEHS/GGD-99-159&accno=162386 (abstract), http://frwebgate.access.gpo.gov/cgi-bin/getdoc.cgi?dbname=gao&docid=f:h299159t.txt (text version), http://www.gao.gov/archive/1999/h299159t.pdf (PDF version); current access is available via PURL. 
500 |a Microform. 
610 1 0 |a United States.  |b Department of Veterans Affairs  |x Finance. 
650 0 |a Medicare. 
650 0 |a Veterans  |x Medical care  |z United States  |x Costs. 
650 0 |a Veterans  |x Medical care  |z United States  |x Finance. 
700 1 |a Backhus, Stephen P. 
710 1 |a United States.  |b General Accounting Office. 
830 0 |a Testimony ;  |v GAO/T-HEHS/GGD-99-159. 
856 4 1 |3 Abstract:  |u http://www.gao.gov/docdblite/summary.php?rptno=T-HEHS/GGD-99-159&accno=162386  |t 0 
856 4 1 |3 Text version:  |u https://purl.fdlp.gov/GPO/LPS33996  |t 0 
856 4 1 |3 PDF version:  |u http://www.gao.gov/archive/1999/h299159t.pdf  |t 0 
999 |a MARS 
999 f f |i 3bf40f02-1ca3-3b9c-93c2-6c925697245f  |s cbe86c74-36a5-3689-bde6-1dded7074507  |t 0 
952 f f |p normal  |a Texas A&M University  |b College Station  |c Sterling C. Evans Library  |d Evans: US Documents Microfiche (3rd floor)  |t 0  |e GA 1.5/2:T-HEHS/GGD-99-159  |h Superintendent of Documents classification  |i microform -- microfiche  |m A14824328273 
952 f f |a Texas A&M University  |b College Station  |c Electronic Resources  |d Available Online  |t 0  |e GA 1.5/2:T-HEHS/GGD-99-159  |h Superintendent of Documents classification 
998 f f |a GA 1.5/2:T-HEHS/GGD-99-159  |t 0  |l Evans: US Documents Microfiche (3rd floor) 
998 f f |a GA 1.5/2:T-HEHS/GGD-99-159  |t 0  |l Available Online